The Energy Performance of Buildings (Certificates and Inspections) (England and Wales) (Amendment) Regulations 2008 (Record no. 108707)

MARC details
000 -LEADER
fixed length control field 01404cad a22002535a 4500
001 - CONTROL NUMBER
control field L145178
008 - FIXED-LENGTH DATA ELEMENTS--GENERAL INFORMATION
fixed length control field 080915e20080313xxk f lf000 0 eng d
035 ## - SYSTEM CONTROL NUMBER
System control number (Sirsi) u145178
041 0# - LANGUAGE CODE
Language code of text/sound track or separate title eng
050 04 - LIBRARY OF CONGRESS CALL NUMBER
Classification number 333.33 $2 18
110 2# - MAIN ENTRY--CORPORATE NAME
Corporate name or jurisdiction name as entry element United Kingdom
Form subheading Laws, etc.
9 (RLIN) 5044
245 04 - TITLE STATEMENT
Title The Energy Performance of Buildings (Certificates and Inspections) (England and Wales) (Amendment) Regulations 2008
Medium [electronic resource]
260 ## - PUBLICATION, DISTRIBUTION, ETC.
Place of publication, distribution, etc. London
-- PSI
Date of publication, distribution, etc. 2008
490 #0 - SERIES STATEMENT
Series statement SI
Volume/sequential designation 2008: 647
505 2# - FORMATTED CONTENTS NOTE
Formatted contents note Citation, extent and commencement -- Amendments to the principal regulations -- Transitional arrangements: property on market at commencement
520 ## - SUMMARY, ETC.
Summary, etc. Amends the Energy Performance of Buildings (Certificates and Inspections) (England and Wales) Regulations 2007 (S.I. 2007/991). Amendments relate to fees for energy performance certificates (EPCs); display energy certificates (DECs) and advisory reports on the register. Came into force 6 April 2008.
521 ## - TARGET AUDIENCE NOTE
Target audience note Advanced
590 ## - LOCAL NOTE (RLIN)
Local note KA
650 24 - SUBJECT ADDED ENTRY--TOPICAL TERM
Topical term or geographic name entry element THE ENERGY PERFORMANCE OF BUILDINGS (CERTIFICATES AND INSPECTIONS) (ENGLAND AND WALES) (AMENDMENT) REGULATIONS 2008
651 #4 - SUBJECT ADDED ENTRY--GEOGRAPHIC NAME
Geographic name England and Wales
Chronological subdivision 1543-
690 ## - LOCAL SUBJECT ADDED ENTRY--TOPICAL TERM (OCLC, RLIN)
Topical term or geographic name as entry element ENVIRONMENTAL AND LAND CONSULTANCY-ENERGY-ENERGY USE-ENERGY EFFICIENCY
856 40 - ELECTRONIC LOCATION AND ACCESS
Uniform Resource Identifier <a href="https://www.opsi.gov.uk/si/si2008/uksi_20080647_en_1">https://www.opsi.gov.uk/si/si2008/uksi_20080647_en_1</a>
Public note View the item free of charge online at www.opsi.gov.uk...
942 ## - ADDED ENTRY ELEMENTS (KOHA)
Suppress in OPAC 0
Holdings
Withdrawn status Lost status Source of classification or shelving scheme Damaged status Not for loan Home library Current library Shelving location Date acquired Total Checkouts Full call number Barcode Date last seen Copy number Price effective from Koha item type
    Dewey Decimal Classification     Virtual Virtual Online 15/09/2008   ONLINE PUBLICATION 145178-1001 06/08/2019 1 06/08/2019 Book